[Event "Ì11Â"]
[Site "Loo"]
[Date "2017.04.28"]
[Round "9.19"]
[White "ßêóøêîâ, Ïàâåë."]
[Black "Ñîëîíåíêî, Ìàêñèì."]
[Result "1/2-1/2"]
[WhiteElo "1404"]
[BlackElo "1598"]
[PlyCount "68"]
[EventDate "2017.04.20"]

1. d4 d5 2. Bf4 Nf6 3. e3 Bf5 4. Nf3 Nc6 5. c4 e6 6. Nc3 Bd6 7. Bxd6 Qxd6 8. c5
Qe7 9. Bb5 O-O 10. Bxc6 bxc6 11. Ne5 Qe8 12. Qa4 Nd7 13. Nxc6 a6 14. Ne5 Nxe5
15. dxe5 Qxa4 16. Nxa4 Rab8 17. b3 Rb5 18. Kd2 Rd8 19. Kc3 Kf8 20. Rhd1 Ke7 21.
b4 Rdb8 22. a3 a5 23. Rd4 Kd7 24. Nb2 Kc6 25. e4 Bxe4 26. Rad1 f6 27. f4 Ra8
28. Kb3 Rab8 29. Kc3 Ra8 30. Kb3 Rab8 31. Kc3 Ra8 32. Kb3 Rab8 33. Kc3 Ra8 34.
Kb3 Rab8 1/2-1/2

[Event "Ì11Â"]
[Site "Loo"]
[Date "2017.04.28"]
[Round "9.20"]
[White "Ïîíîìàðåâ, Âñåâîëîä."]
[Black "Æóðàâëåâ, Àðòåì."]
[Result "1-0"]
[WhiteElo "1343"]
[BlackElo "1501"]
[PlyCount "139"]
[EventDate "2017.04.20"]

1. e4 e6 2. d4 d5 3. Nd2 c5 4. exd5 exd5 5. Ngf3 Nf6 6. Bb5+ Nc6 7. O-O Be7 8.
dxc5 Bxc5 9. Nb3 Be7 10. c3 O-O 11. Re1 a6 12. Be2 h6 13. h3 b5 14. Nbd4 Nxd4
15. Nxd4 Bb7 16. Nf5 Re8 17. Nxe7+ Qxe7 18. Bf4 Qd7 19. Qc2 Rac8 20. Bd3 Qc6
21. Rxe8+ Rxe8 22. f3 Qb6+ 23. Kh1 Nh5 24. Bh2 Qf6 25. Qd2 Qh4 26. Bc7 Bc6 27.
Bc2 Ng3+ 28. Kh2 Nh5 29. g4 Nf6 30. Bg3 Qg5 31. f4 Nxg4+ 32. hxg4 Qxg4 33. Re1
Rxe1 34. Qxe1 Qh5+ 35. Kg1 Qg4 36. f5 Qh3 37. Kf2 Qg4 38. Qe2 Qh3 39. Qe5 d4
40. Be4 Bxe4 41. Qxe4 dxc3 42. bxc3 Qh5 43. Qf3 Qxf3+ 44. Kxf3 Kf8 45. Be5 f6
46. Bd4 Kf7 47. Kf4 g6 48. fxg6+ Kxg6 49. Kg4 a5 50. a3 Kf7 51. Kf5 h5 52. Bxf6
Ke8 53. Ke6 Kf8 54. Kd5 Kf7 55. Bh4 Ke8 56. Kc5 Kd7 57. Kxb5 Kc7 58. Kxa5 Kc6
59. Kb4 Kb6 60. c4 Ka6 61. c5 Ka7 62. Kb5 Kb7 63. a4 Kc7 64. c6 Kc8 65. Kb6 Kb8
66. a5 Ka8 67. a6 Kb8 68. Bg3+ Ka8 69. c7 h4 70. c8=Q# 1-0

[Event "Ì11Â"]
[Site "Loo"]
[Date "2017.04.28"]
[Round "9.22"]
[White "Äðîçäîâ, Ìàêñèì."]
[Black "Ãóáàðåâ, Âëàäèñëàâ."]
[Result "1/2-1/2"]
[WhiteElo "1385"]
[BlackElo "1399"]
[PlyCount "57"]
[EventDate "2017.04.20"]

1. e4 c5 2. Nf3 Nc6 3. c4 g6 4. d4 cxd4 5. Nxd4 Bg7 6. Be3 d6 7. Nc3 Nf6 8. f3
O-O 9. Be2 Bd7 10. O-O Nxd4 11. Bxd4 b6 12. Nd5 Nxd5 13. cxd5 Rc8 14. Bxg7 Kxg7
15. Qd4+ Kg8 16. Rac1 Rc5 17. Rc4 Bb5 18. Rxc5 bxc5 19. Qd2 Bxe2 20. Qxe2 Qa5
21. b3 a6 22. Rc1 Qb5 23. Qc4 Qa5 24. Qe2 Qb5 25. Qc4 Qa5 26. Qe2 Qb5 27. Qc4
Qa5 28. Qe2 Qb5 29. Qc4 1/2-1/2

[Event "Ì11Â"]
[Site "Loo"]
[Date "2017.04.28"]
[Round "9.23"]
[White "Ñóëåéìàíîâ, Ýìèðëàí."]
[Black "Àóøåâ, Ýìèí."]
[Result "0-1"]
[WhiteElo "1336"]
[BlackElo "1364"]
[PlyCount "78"]
[EventDate "2017.04.20"]

1. e4 c5 2. Nf3 d6 3. d4 cxd4 4. c3 dxc3 5. Nxc3 Nc6 6. Bc4 g6 7. O-O Bg7 8.
Qe2 Bg4 9. Bxf7+ Kxf7 10. Ng5+ Ke8 11. Qxg4 Nf6 12. Qe2 Qd7 13. Rd1 Qc8 14. Bf4
h6 15. Nf3 Nd7 16. Rac1 Nde5 17. Nxe5 Nxe5 18. Bxe5 Bxe5 19. Nd5 Qd7 20. Nc7+
Kf7 21. Nxa8 Rxa8 22. b3 Rc8 23. Rxc8 Qxc8 24. Qc4+ Qxc4 25. bxc4 Ke6 26. g3
Kd7 27. f4 Bf6 28. c5 Kc6 29. cxd6 exd6 30. Kf2 a5 31. Ke3 b6 32. g4 g5 33.
fxg5 hxg5 34. Rf1 Bd8 35. Rf5 b5 36. Kf3 b4 37. h4 a4 38. h5 b3 39. a3 b2 0-1

[Event "Ì11Â"]
[Site "Loo"]
[Date "2017.04.28"]
[Round "9.24"]
[White "Êóð÷åíêî, Åãîð."]
[Black "Òîìîâ, Åâãåíèé."]
[Result "1-0"]
[WhiteElo "1594"]
[BlackElo "1336"]
[PlyCount "39"]
[EventDate "2017.04.20"]

1. f4 d5 2. Nf3 e6 3. e3 c5 4. b3 Be7 5. Bb2 Nf6 6. d4 Nc6 7. a3 Bd7 8. Bd3 Rc8
9. Nbd2 Qc7 10. Ne5 b6 11. O-O O-O 12. Kh1 h6 13. Rg1 cxd4 14. exd4 Bd6 15. g4
Be7 16. g5 hxg5 17. fxg5 Nxe5 18. dxe5 Ne8 19. g6 f6 20. Qh5 1-0

[Event "Ì13Ï"]
[Site "Loo"]
[Date "2017.04.28"]
[Round "9.1"]
[White "Ãàáèòîâ, Áóëàò."]
[Black "Ñîëîâüåâ, Âëàäèñëàâ."]
[Result "0-1"]
[WhiteElo "1790"]
[BlackElo "1730"]
[PlyCount "100"]
[EventDate "2017.04.20"]

1. d4 Nf6 2. c4 g6 3. Nc3 Bg7 4. e4 d6 5. Nf3 O-O 6. h3 e5 7. d5 a5 8. Be3 Na6
9. g4 Nd7 10. Qc2 Ndc5 11. g5 f5 12. gxf6 Qxf6 13. Be2 Nb4 14. Qd1 Ncd3+ 15.
Bxd3 Qxf3 16. Qxf3 Rxf3 17. Bf1 Nc2+ 18. Ke2 Rxe3+ 19. fxe3 Nxa1 20. Kd2 Bh6
21. Bd3 Bd7 22. Rxa1 Rf8 23. Rf1 Bxh3 24. Rh1 Rf3 25. Nd1 Bg7 26. Ke2 Bg4 27.
Rh4 Rf4+ 28. Kd2 Bf6 29. Rh1 Rf3 30. Rg1 Bh5 31. Be2 Rh3 32. Nf2 Rh2 33. Ng4
Bxg4 34. Rxg4 Kf7 35. Kd3 h5 36. Rg1 g5 37. b3 g4 38. a4 Bh4 39. Bf1 Be1 40.
Rg2 Rxg2 41. Bxg2 h4 42. Ke2 h3 43. Bf1 Bh4 44. Kd1 Kg6 45. Kd2 Kh5 46. Ke2 Bg5
47. Kf2 Kh4 48. Be2 g3+ 49. Kf3 g2 50. Kf2 Bxe3+ 0-1

[Event "Ì13Ï"]
[Site "Loo"]
[Date "2017.04.28"]
[Round "9.2"]
[White "Ðÿáîâ, Ãåîðãèé."]
[Black "Ìàêèíÿí, Ðóáåí."]
[Result "0-1"]
[WhiteElo "1700"]
[BlackElo "1713"]
[PlyCount "74"]
[EventDate "2017.04.20"]

1. c4 e5 2. g3 c6 3. Bg2 d5 4. cxd5 cxd5 5. d4 e4 6. e3 Nf6 7. Ne2 Be7 8. h3
Nc6 9. O-O O-O 10. Bd2 Nd7 11. a3 Nb6 12. Bc3 f5 13. Nd2 Bd7 14. b4 a6 15. Qb3
g5 16. Rae1 a5 17. f4 h6 18. Rb1 axb4 19. axb4 Ra4 20. Ra1 Nxb4 21. Rfb1 Rf6
22. Nc1 Rxa1 23. Rxa1 Qf8 24. Rb1 Ba4 25. Qb2 Nc2 26. Ba5 Bd8 27. Qa2 Qa3 28.
Qxa3 Nxa3 29. Ra1 Be7 30. Bf1 Bd7 31. Kf2 Rc6 32. Ncb3 Nac4 33. Bxb6 Nxb6 34.
Na5 Rc2 35. Ke1 Bb4 36. Nab3 Ba4 37. Kd1 Rxd2+ 0-1

[Event "Ì13Ï"]
[Site "Loo"]
[Date "2017.04.28"]
[Round "9.3"]
[White "Øîøèí, Êèðèëë."]
[Black "Øêóðàòîâ, Âëàäèìèð."]
[Result "1-0"]
[WhiteElo "1729"]
[BlackElo "1739"]
[PlyCount "147"]
[EventDate "2017.04.20"]

1. e4 c5 2. c3 d5 3. exd5 Qxd5 4. d4 Nf6 5. Nf3 Bg4 6. dxc5 Qxc5 7. Be3 Qc7 8.
Bb5+ Nbd7 9. Nbd2 e6 10. Qa4 Bxf3 11. Nxf3 Bd6 12. O-O-O Ke7 13. Bg5 Nb6 14.
Qc2 a6 15. Bd3 Nbd5 16. Rhe1 Bf4+ 17. Bxf4 Qxf4+ 18. Kb1 Rhd8 19. Nd4 g6 20.
Qb3 Rd7 21. Re2 Qc7 22. Rde1 Nf4 23. Rd2 Nxd3 24. Rxd3 Rd6 25. Qa3 Rad8 26.
Rde3 Ke8 27. f4 Nd5 28. Re4 Rb6 29. Qa4+ Kf8 30. Kc1 Kg8 31. Qc2 Nf6 32. Re5
Nd7 33. R5e4 Nc5 34. Re5 Rbd6 35. g4 Rxd4 36. cxd4 Nd3+ 37. Kb1 Qxc2+ 38. Kxc2
Nxe1+ 39. Rxe1 Rxd4 40. Rf1 g5 41. h3 Rxf4 42. Rd1 Rf2+ 43. Kc1 Rf4 44. Rd7 Rb4
45. a3 Rb6 46. Kc2 Kg7 47. b4 Kg6 48. Kc3 Rc6+ 49. Kd4 b5 50. Ra7 f5 51. Ke5 f4
52. h4 f3 53. h5+ Kh6 54. Rf7 Rc3 55. Kxe6 Rxa3 56. Ke7 Re3+ 57. Kf8 Re6 58.
Rxf3 Rc6 59. Re3 Rf6+ 60. Kg8 Rc6 61. Kf7 Rc7+ 62. Re7 Rxe7+ 63. Kxe7 Kg7 64.
h6+ Kg6 65. Ke6 a5 66. bxa5 b4 67. a6 b3 68. a7 b2 69. a8=Q b1=Q 70. Qe8+ Kxh6
71. Qh5+ Kg7 72. Qf7+ Kh6 73. Qf8+ Kg6 74. Qf6# 1-0

[Event "Ì13Ï"]
[Site "Loo"]
[Date "2017.04.28"]
[Round "9.4"]
[White "Ìèõååâ, Àëåêñàíäð."]
[Black "Ñàáèðîâ, Òèìóð."]
[Result "1-0"]
[WhiteElo "1500"]
[BlackElo "1757"]
[PlyCount "91"]
[EventDate "2017.04.20"]

1. d4 Nf6 2. Nf3 c5 3. d5 d6 4. g3 e5 5. c4 Nbd7 6. Nc3 a6 7. a4 a5 8. Bg2 g6
9. O-O Bg7 10. Qc2 O-O 11. e4 Nb8 12. h3 Na6 13. Be3 Ne8 14. Qd2 Bh8 15. Nh4
Bf6 16. Nf3 Be7 17. Ne1 f5 18. f4 Bf6 19. Nd3 Qe7 20. Kh2 exf4 21. Bxf4 Nb4 22.
Rae1 Nxd3 23. Qxd3 Qd8 24. e5 dxe5 25. Bxe5 Nd6 26. b3 Bxe5 27. Rxe5 b6 28.
Rfe1 Ra7 29. Ne2 Qf6 30. Re3 Ne4 31. Rf1 Nd6 32. Nf4 Re8 33. Rfe1 Rae7 34. Ne6
Nf7 35. Nf4 Ne5 36. Qd2 g5 37. Ne6 Nf7 38. Nc7 Rxc7 39. Rxe8+ Kg7 40. R8e2 Bd7
41. Qb2 Qxb2 42. Rxb2 Nd6 43. Re7+ Kf6 44. Rbe2 Nc8 45. R2e6+ Bxe6 46. Rxc7 1-0

[Event "Ì13Ï"]
[Site "Loo"]
[Date "2017.04.28"]
[Round "9.5"]
[White "Ïåòðóøèí, Äìèòðèé."]
[Black "Îãîðîäíèêîâ, Íèêîëàé."]
[Result "1-0"]
[WhiteElo "1721"]
[BlackElo "1672"]
[PlyCount "81"]
[EventDate "2017.04.20"]

1. e4 e6 2. d3 d5 3. Nd2 c5 4. Ngf3 Nc6 5. g3 Bd6 6. Bg2 Qc7 7. O-O f6 8. Re1
Nge7 9. Nf1 O-O 10. h4 b5 11. c3 a5 12. h5 b4 13. h6 g6 14. Ne3 Rb8 15. exd5
exd5 16. Nd2 Be6 17. Ng4 Qd7 18. Bh3 f5 19. Nh2 Rbe8 20. Ndf3 Nc8 21. Ng5 d4
22. Bg2 Nd8 23. cxd4 cxd4 24. Nxe6 Nxe6 25. Bd5 Kh8 26. Bxe6 Rxe6 27. Rxe6 Qxe6
28. b3 Nb6 29. Bb2 Bc5 30. Rc1 Rc8 31. Rxc5 Rxc5 32. Bxd4+ Kg8 33. Bxc5 Nd5 34.
Qf3 Kf7 35. Kg2 Qc6 36. d4 Kg8 37. Ng4 Kh8 38. Nf6 Ne3+ 39. fxe3 Qxf3+ 40. Kxf3
a4 41. Bf8 1-0

[Event "Ì13Ï"]
[Site "Loo"]
[Date "2017.04.28"]
[Round "9.6"]
[White "Òàòàðèíöåâ, Ìèõàèë."]
[Black "Ìåëüíèêîâ, Âÿ÷åñëàâ."]
[Result "0-1"]
[WhiteElo "1690"]
[BlackElo "1637"]
[PlyCount "72"]
[EventDate "2017.04.20"]

1. e4 c5 2. Nc3 a6 3. f4 b5 4. Nf3 Bb7 5. d3 e6 6. Bd2 Nf6 7. h3 Nh5 8. g4 Ng3
9. Rg1 Nxf1 10. Kxf1 Be7 11. Qe2 Nc6 12. Be3 Qc7 13. Re1 O-O-O 14. Qf2 d6 15.
d4 Na5 16. dxc5 dxc5 17. Ne5 Bd6 18. Nd3 Nc4 19. Bc1 Nb6 20. Be3 Nd7 21. e5 Be7
22. a4 c4 23. Nc1 Qc6 24. axb5 axb5 25. N1e2 b4 26. Nd4 Qa6 27. Ncb5 Nc5 28.
Qe2 Bd5 29. Rd1 Rd7 30. Qe1 c3 31. b3 Bc6 32. Qe2 Bxb5 33. Nxb5 Rxd1+ 34. Kf2
Rxg1 35. Qc4 Qa1 36. Bxc5 Qe1+ 0-1

[Event "Ì13Ï"]
[Site "Loo"]
[Date "2017.04.28"]
[Round "9.7"]
[White "Äóíàåâ, Äåíèñ."]
[Black "Ãåðàñèìîâ, Âàäèì."]
[Result "1/2-1/2"]
[WhiteElo "1562"]
[BlackElo "1717"]
[PlyCount "91"]
[EventDate "2017.04.20"]

1. c4 c6 2. e4 e6 3. Nc3 d5 4. exd5 exd5 5. cxd5 cxd5 6. Nf3 Nf6 7. Bb5+ Bd7 8.
Qb3 Bxb5 9. Qxb5+ Qd7 10. Ne5 Qxb5 11. Nxb5 Na6 12. O-O Be7 13. d3 O-O 14. Bg5
h6 15. Bh4 Nc5 16. d4 Ne6 17. Rfd1 Rfd8 18. Rac1 g5 19. Bg3 Ne4 20. Nc3 Nxg3
21. hxg3 Bf6 22. Ng4 Bg7 23. Ne2 Rac8 24. Rxc8 Rxc8 25. Ne3 Kh7 26. f4 f5 27.
Rd2 Kg6 28. g4 Nxf4 29. gxf5+ Kf7 30. Nxf4 gxf4 31. Nxd5 Rd8 32. Nxf4 Rxd4 33.
Rxd4 Bxd4+ 34. Kf1 Bxb2 35. Nh5 Be5 36. Ke2 b5 37. Kd3 a5 38. Kc2 Ke7 39. Kb3
Kd6 40. a4 b4 41. Kc4 Ke7 42. Kb3 Kf8 43. Kc4 Ke8 44. Kb3 Kd7 45. Kc4 Kc6 46.
Kb3 {äàëåå çàïèñü íåðàçáîð~~èâà} 1/2-1/2

[Event "Ì13Ï"]
[Site "Loo"]
[Date "2017.04.28"]
[Round "9.8"]
[White "Êóçüìèí, Àðñåíèé."]
[Black "Íèêîëàåâ, Ìàòâåé."]
[Result "1/2-1/2"]
[WhiteElo "1877"]
[BlackElo "1664"]
[PlyCount "92"]
[EventDate "2017.04.20"]

1. e4 e5 2. Nf3 Nc6 3. Bb5 a6 4. Ba4 d6 5. c3 Bd7 6. d4 g6 7. O-O Bg7 8. Re1 b5
9. Bb3 exd4 10. cxd4 Bg4 11. h3 Bxf3 12. Qxf3 Qf6 13. Qxf6 Bxf6 14. e5 dxe5 15.
dxe5 Bg7 16. Bd5 Nge7 17. Nc3 O-O 18. Bf4 Rad8 19. Bxc6 Nxc6 20. Rad1 Nd4 21.
Bg5 f6 22. exf6 Bxf6 23. Bxf6 Rxf6 24. Ne4 Rc6 25. Kf1 Rc2 26. Rd2 Rxd2 27.
Nxd2 Nc2 28. Rd1 c5 29. Ke2 Nb4 30. Ne4 Rxd1 31. Kxd1 Nd3 32. Kc2 c4 33. Kc3
Nc1 34. a4 Na2+ 35. Kd4 Nb4 36. axb5 axb5 37. Kc5 Nd3+ 38. Kxb5 Nxb2 39. Kb4
Nd3+ 40. Kxc4 Nf4 41. g3 Nxh3 42. Kd3 Kg7 43. Ke3 Kh6 44. f4 g5 45. fxg5+ Nxg5
46. Nxg5 Kxg5 1/2-1/2

[Event "Ì13Ï"]
[Site "Loo"]
[Date "2017.04.28"]
[Round "9.9"]
[White "Òðóõèí, Äìèòðèé."]
[Black "Èâàíîâ, Àðòåì."]
[Result "1-0"]
[WhiteElo "1773"]
[BlackElo "1832"]
[PlyCount "105"]
[EventDate "2017.04.20"]

1. d4 Nf6 2. c4 g6 3. Nc3 Bg7 4. e4 d6 5. Nf3 O-O 6. Be2 Bg4 7. O-O Nfd7 8. Be3
Nc6 9. h3 Bxf3 10. Bxf3 e5 11. d5 Nd4 12. Bxd4 exd4 13. Ne2 d3 14. Qxd3 Bxb2
15. Rab1 Bg7 16. Qc2 Nc5 17. Nf4 Re8 18. Rfe1 Qh4 19. g3 Qf6 20. Bg2 b6 21. Nd3
Qc3 22. Qxc3 Bxc3 23. Rec1 Nxd3 24. Rxc3 Nc5 25. f3 f5 26. Re1 fxe4 27. fxe4
Re5 28. Kf2 Rae8 29. Rce3 Na4 30. Rb3 Nc5 31. Rbe3 a5 32. h4 h6 33. Kf3 Rf8+
34. Ke2 g5 35. Kd2 g4 36. Kc3 Rf7 37. Kd4 Nd7 38. Rf1 Ree7 39. Rf4 Ne5 40. Re1
Rxf4 41. gxf4 Ng6 42. e5 dxe5+ 43. fxe5 Nxh4 44. Be4 Kg7 45. Rg1 h5 46. Rh1
Nf3+ 47. Bxf3 gxf3 48. e6 Kg6 49. Rf1 h4 50. Rxf3 Kg5 51. Ke5 Kg6 52. Rf6+ Kg7
53. Rf4 1-0

[Event "Ì13Ï"]
[Site "Loo"]
[Date "2017.04.28"]
[Round "9.10"]
[White "Ôèëàòîâ, Ãåîðãèé."]
[Black "Äåðåâùèêîâ, Íèêèòà."]
[Result "1/2-1/2"]
[WhiteElo "1793"]
[BlackElo "1523"]
[PlyCount "54"]
[EventDate "2017.04.20"]

1. Nf3 g6 2. c4 d6 3. g3 Bg7 4. Bg2 e5 5. Nc3 Nc6 6. O-O Nge7 7. e3 O-O 8. d4
a5 9. a3 f5 10. d5 Nb8 11. Ng5 Rf6 12. Ne6 Bxe6 13. dxe6 Nbc6 14. e4 Rb8 15.
Bg5 Rf8 16. exf5 Rxf5 17. Be3 Rf8 18. Bg5 h6 19. Be3 Nf5 20. Bd5 Kh7 21. Qd2
Nfd4 22. Bxc6 Nb3 23. Qe2 bxc6 24. Rad1 Qe7 25. Qg4 Rbe8 26. Qe4 Qxe6 27. Qxc6
Rf7 {äàëåå çàïèñü íåðàçáîð~~èâà} 1/2-1/2

[Event "Ì13Ï"]
[Site "Loo"]
[Date "2017.04.28"]
[Round "9.11"]
[White "Íàäðøèí, Òèìóð."]
[Black "Ñîáàøíèêîâ, Èâàí."]
[Result "0-1"]
[WhiteElo "1605"]
[BlackElo "1695"]
[PlyCount "70"]
[EventDate "2017.04.20"]

1. c4 e5 2. Nc3 Nf6 3. g3 Nc6 4. Bg2 Bc5 5. e3 a6 6. Nge2 Ba7 7. O-O O-O 8. d3
d6 9. Nd5 Nxd5 10. cxd5 Ne7 11. Bd2 c6 12. Nc3 cxd5 13. Nxd5 Be6 14. Ba5 Qxa5
15. Nxe7+ Kh8 16. Bxb7 Rae8 17. b4 Qb6 18. Bg2 Rxe7 19. a3 Rc7 20. Rc1 Rxc1 21.
Qxc1 Rc8 22. Qb2 Qc7 23. Rb1 Qc3 24. Bb7 Qxb2 25. Rxb2 Rc3 26. Bxa6 Rxa3 27. b5
Bh3 28. Rb1 Bb6 29. d4 exd4 30. exd4 Kg8 31. Bb7 Bxd4 32. Bg2 Bxg2 33. Kxg2 Bb6
34. Rd1 Bc5 35. Rb1 Ra7 0-1

[Event "Ì13Ï"]
[Site "Loo"]
[Date "2017.04.28"]
[Round "9.12"]
[White "Îñèïîâ, Àëåêñàíäð."]
[Black "Êóçíåöîâ, Âàäèì."]
[Result "0-1"]
[WhiteElo "1855"]
[BlackElo "1628"]
[PlyCount "122"]
[EventDate "2017.04.20"]

1. d4 Nf6 2. Nf3 e6 3. Bg5 c5 4. e3 b6 5. c4 cxd4 6. exd4 Be7 7. Nc3 d6 8. Bd3
Nbd7 9. O-O O-O 10. Ne4 Bb7 11. Nxf6+ Nxf6 12. Qe2 d5 13. Rfd1 Rc8 14. Ne5 dxc4
15. Bxc4 Nd5 16. Bd2 Bd6 17. Bd3 Nf6 18. Bg5 Be7 19. Bc2 Nd5 20. Bc1 Qc7 21.
Bd3 Nb4 22. Bb5 Qc2 23. Bf4 Qxe2 24. Bxe2 Rc2 25. Bc4 Bd6 26. Bb3 Bxe5 27. Bxe5
Rxb2 28. Bd6 Nd5 29. Bxf8 Kxf8 30. Rac1 Nf4 31. Rc2 Rxc2 32. Bxc2 Bxg2 33. Bb3
Ke7 34. Rd2 Be4 35. Bc2 Bxc2 36. Rxc2 Kd7 37. Kf1 Nd5 38. Ke2 f5 39. a3 g5 40.
Rc1 g4 41. Kd3 b5 42. Rc5 a6 43. Rc1 h5 44. Rc5 h4 45. Rc1 Nb6 46. Rb1 Kd6 47.
a4 Nxa4 48. Rc1 Nb2+ 49. Kc3 Nc4 50. Kb4 Kc6 51. Ra1 a5+ 52. Kc3 Kd5 53. Rb1
b4+ 54. Kd3 e5 55. dxe5 Nxe5+ 56. Ke3 Kc4 57. Ra1 b3 58. Kf4 Nd3+ 59. Kxf5 b2
60. Rb1 a4 61. Kxg4 a3 0-1

[Event "Ì13Ï"]
[Site "Loo"]
[Date "2017.04.28"]
[Round "9.13"]
[White "Ëîêòèîíîâ, Êèðèëë."]
[Black "Öûðåíäàøèåâ, Áàòî."]
[Result "0-1"]
[WhiteElo "1627"]
[BlackElo "1810"]
[PlyCount "70"]
[EventDate "2017.04.20"]

1. d4 d5 2. c4 e5 3. dxe5 d4 4. Nf3 Nc6 5. a3 Nge7 6. b4 Ng6 7. Bb2 a5 8. Qa4
Bg4 9. b5 Bxf3 10. gxf3 Ncxe5 11. Nd2 Be7 12. Qc2 O-O 13. Rg1 Re8 14. Qf5 Bf8
15. O-O-O c6 16. b6 Nd7 17. Ne4 Nxb6 18. c5 Nd5 19. Bxd4 b6 20. Ng5 Qc7 21. Rg4
bxc5 22. Bb2 Rab8 23. h4 h5 24. Rc4 Qb7 25. Rd2 Nb6 26. Rcc2 c4 27. e4 c3 28.
Rxc3 Re5 29. Ba6 Qe7 30. Qh3 f6 31. Rxc6 Nf4 32. Qf1 fxg5 33. Bxe5 Qxe5 34.
Bc4+ Kh8 35. Bb3 Qa1+ 0-1

[Event "Ì13Ï"]
[Site "Loo"]
[Date "2017.04.28"]
[Round "9.14"]
[White "Ëåáåäåâ, Íèêèòà."]
[Black "Ïðóöêîâ, Àëåêñåé."]
[Result "0-1"]
[WhiteElo "1635"]
[BlackElo "1727"]
[PlyCount "90"]
[EventDate "2017.04.20"]

1. Nf3 d5 2. g3 c6 3. Bg2 Nf6 4. d3 Nbd7 5. Nbd2 e5 6. e4 d4 7. O-O Be7 8. h3
h5 9. Nc4 Qc7 10. Bg5 b5 11. Ncd2 Nb6 12. Nh4 g6 13. f4 Nh7 14. Bxe7 Qxe7 15.
Nhf3 f6 16. fxe5 fxe5 17. Nh4 Rg8 18. Kh2 Bd7 19. b3 a5 20. a3 O-O-O 21. Qe1 a4
22. Ndf3 Kb7 23. b4 Rdf8 24. Nd2 Rxf1 25. Qxf1 Rf8 26. Qe2 Qg7 27. Rf1 g5 28.
Rxf8 Nxf8 29. Nhf3 Ne6 30. Nb1 c5 31. bxc5 Nxc5 32. Qd2 g4 33. Qg5 Qxg5 34.
Nxg5 gxh3 35. Bxh3 Bg4 36. Bxg4 hxg4 37. Nf7 Nbd7 38. Nh6 Nf6 39. Nf7 Nfd7 40.
Nh6 Nf6 41. Nf7 Ncd7 42. c3 dxc3 43. Nxc3 Kc6 44. Nd8+ Kb6 45. Nf7 Nc5 {
äàëåå çàïèñü íåðàçáîð~~èâà} 0-1

[Event "Ì13Ï"]
[Site "Loo"]
[Date "2017.04.28"]
[Round "9.15"]
[White "Ðîìàíîâ, Ìàêñèì."]
[Black "Êîñòåíêî, Êèðèëë."]
[Result "1-0"]
[WhiteElo "1700"]
[BlackElo "1589"]
[PlyCount "85"]
[EventDate "2017.04.20"]

1. e4 c5 2. Nf3 d6 3. d4 cxd4 4. Nxd4 Nf6 5. Nc3 Nc6 6. Bg5 e6 7. Qd2 h6 8.
Bxf6 Qxf6 9. Ndb5 Qd8 10. O-O-O a6 11. Nxd6+ Bxd6 12. Qxd6 Qxd6 13. Rxd6 Ke7
14. Rd1 b5 15. a3 Bb7 16. f4 Rad8 17. Bd3 Rd7 18. e5 Rhd8 19. Ne4 Na7 20. Nc5
Rc7 21. Nxb7 Rxb7 22. Be4 Rbd7 23. Rxd7+ Rxd7 24. Rd1 Rxd1+ 25. Kxd1 Kd7 26.
Kd2 a5 27. Kd3 Nc8 28. c4 Na7 29. b4 a4 30. cxb5 Nxb5 31. Kc4 Na7 32. Bc2 Kc7
33. Bxa4 Nc8 34. Bb3 Nb6+ 35. Kd4 Kc6 36. a4 Nd7 37. Bc4 Nb6 38. a5 Na8 39. b5+
Kb7 40. Kc5 Nc7 41. b6 Na6+ 42. Bxa6+ Kxa6 43. Kc6 1-0

[Event "Ì13Ï"]
[Site "Loo"]
[Date "2017.04.28"]
[Round "9.16"]
[White "Àðáóçîâ, Òèìîôåé."]
[Black "Ñòåïàíîâ, Ïàâåë."]
[Result "1/2-1/2"]
[WhiteElo "1694"]
[BlackElo "1559"]
[PlyCount "82"]
[EventDate "2017.04.20"]

1. d4 d5 2. Nc3 e6 3. e4 Bb4 4. exd5 exd5 5. Bd3 Ne7 6. Nge2 Bf5 7. O-O O-O 8.
Bg5 f6 9. Bf4 c6 10. Ng3 Bxd3 11. Qxd3 Ng6 12. Be3 Na6 13. a3 Bd6 14. f4 Re8
15. f5 Nf8 16. Bf4 Bxf4 17. Rxf4 Qc7 18. Rg4 Qf7 19. Qf3 Re7 20. Nh5 g6 21.
fxg6 Nxg6 22. Nxf6+ Kh8 23. Rf1 Rf8 24. h4 Re6 25. Nh5 Qe7 26. Qd3 Rxf1+ 27.
Kxf1 Re1+ 28. Kf2 Rh1 29. Ne2 Rxh4 30. Rxh4 Qxh4+ 31. Neg3 Qe7 32. Nf5 Qg5 33.
Qf3 Nc7 34. Nfg3 Qe7 35. Nf4 Ne6 36. Nxg6+ hxg6 37. c3 Kg7 38. Qg4 Qf6+ 39. Ke3
Qg5+ 40. Qxg5 Nxg5 41. Ke2 Kf6 1/2-1/2

[Event "Ì13Ï"]
[Site "Loo"]
[Date "2017.04.28"]
[Round "9.17"]
[White "Çóåâ, Àëåêñàíäð."]
[Black "Äðó÷åíêî, Ìèõàèë."]
[Result "1-0"]
[WhiteElo "1559"]
[BlackElo "1692"]
[PlyCount "89"]
[EventDate "2017.04.20"]

1. e4 e5 2. Nf3 Nc6 3. Bb5 a6 4. Ba4 Nf6 5. O-O b5 6. Bb3 Bb7 7. Re1 Bc5 8. c3
Ng4 9. d4 exd4 10. Bxf7+ Kxf7 11. Ng5+ Kg8 12. Qb3+ d5 13. exd5 Na5 14. Qd1 Nh6
15. b4 Be7 16. Ne6 Qxd5 17. Nf4 Qd6 18. Re6 Qd7 19. bxa5 Rd8 20. Qb3 Nf7 21.
Re1 Bd6 22. cxd4 Qg4 23. f3 Qh4 24. Qe6 Bc6 25. Nc3 Re8 26. Qxe8+ Bxe8 27.
Rxe8+ Bf8 28. Ncd5 Nd6 29. g3 Qh6 30. Ne6 Qxc1+ 31. Rxc1 Nxe8 32. Nexc7 Ba3 33.
Rc3 Bb2 34. Rd3 Kf7 35. Nxe8 Ke6 36. Nec7+ Kd6 37. Nxa6 Kxd5 38. Nc7+ Kc4 39.
Rd1 Bxd4+ 40. Kg2 b4 41. Ne6 Bc3 42. a6 Ra8 43. Rd6 Be5 44. Rc6+ Kb5 45. Rc5+
1-0

[Event "Ì13Ï"]
[Site "Loo"]
[Date "2017.04.28"]
[Round "9.18"]
[White "Âàëèóëëèí, Ðàôàýëü."]
[Black "Áàøåâ, Ôåäîð."]
[Result "0-1"]
[WhiteElo "1444"]
[BlackElo "1679"]
[PlyCount "138"]
[EventDate "2017.04.20"]

1. Nf3 Nf6 2. g3 g6 3. Bg2 Bg7 4. O-O O-O 5. c4 d6 6. Nc3 e5 7. e3 Nbd7 8. b3
c6 9. Bb2 Qe7 10. Re1 Rd8 11. d4 e4 12. Nd2 d5 13. f3 exf3 14. Bxf3 dxc4 15.
bxc4 Nb6 16. c5 Nbd5 17. e4 Nxc3 18. Bxc3 Be6 19. Qe2 Rd7 20. Nb3 h5 21. Rad1
Rad8 22. Ba5 Bxb3 23. axb3 Re8 24. Bc3 Qe6 25. Qb2 Qe7 26. b4 Nh7 27. b5 Ng5
28. Bg2 cxb5 29. Qxb5 Red8 30. Qc4 h4 31. gxh4 Ne6 32. e5 Qxh4 33. Re4 Qe7 34.
Bb4 Rd5 35. Rg4 Rxe5 36. d5 Bh6 37. c6 Be3+ 38. Kh1 Bc5 39. Bxc5 Nxc5 40. Rgd4
bxc6 41. dxc6 Re1+ 42. Rxe1 Qxe1+ 43. Qf1 Qxf1+ 44. Bxf1 Rc8 45. Bg2 Kf8 46.
Rc4 Ne6 47. Ra4 Rc7 48. Kg1 Ke7 49. Kf2 Kd8 50. Ke3 Kc8 51. Ra5 Nd8 52. Ra6 Ne6
53. Ra5 Kd8 54. Bf3 Ke7 55. Ra1 f5 56. Kd3 Nd8 57. Kd4 Kd6 58. Ra6 Ne6+ 59. Kc4
Ng7 60. Kb5 Ne8 61. Ra4 Nf6 62. Ka6 g5 63. Rb4 g4 64. Bg2 Nh5 65. Rb7 f4 66.
Kxa7 f3 67. Bf1 Kxc6 68. Rxc7+ Kxc7 69. Bb5 Kd6 0-1

[Event "Ì13Ï"]
[Site "Loo"]
[Date "2017.04.28"]
[Round "9.19"]
[White "Ñîèí, Íèêèòà."]
[Black "Ñèäîðîâ, Åãîð."]
[Result "1-0"]
[WhiteElo "1491"]
[BlackElo "1662"]
[PlyCount "91"]
[EventDate "2017.04.20"]

1. e4 c5 2. Nf3 Nc6 3. Bb5 g6 4. Bxc6 bxc6 5. d3 Bg7 6. Nc3 Nf6 7. O-O O-O 8.
Be3 d6 9. h3 Be6 10. Qd2 Rb8 11. Rab1 Qc8 12. d4 cxd4 13. Nxd4 Bd7 14. Bh6 c5
15. Nde2 Rb4 16. Ng3 Bxh3 17. Bxg7 Kxg7 18. gxh3 Qxh3 19. Qf4 h5 20. Rfe1 Ng4
21. Nf1 h4 22. Nd5 e5 23. Qd2 Qf3 24. Qe2 Qxe2 25. Rxe2 Ra4 26. Nc3 Rb4 27. b3
h3 28. f3 Nf6 29. Ng3 Rh8 30. Kh2 Rbb8 31. Rd1 Ne8 32. Ree1 f6 33. Rg1 Kf8 34.
Nf1 Rh6 35. Ne3 Kf7 36. Rg3 Ke6 37. Rdg1 g5 38. Nf5 Rh7 39. Rxh3 Rxh3+ 40. Kxh3
Rb7 41. Kg2 c4 42. Rd1 cxb3 43. cxb3 Rc7 44. Nb1 Rc2+ 45. Rd2 Rc1 46. Na3 1-0

[Event "Ì13Ï"]
[Site "Loo"]
[Date "2017.04.28"]
[Round "9.20"]
[White "Ìàòóùàê, Íèêèòà."]
[Black "Âàñèëü÷åíêî, Âàäèì."]
[Result "1-0"]
[WhiteElo "1406"]
[BlackElo "1654"]
[PlyCount "113"]
[EventDate "2017.04.20"]

1. e4 c5 2. d4 cxd4 3. c3 dxc3 4. Nxc3 Nc6 5. Nf3 e6 6. Bc4 a6 7. a4 Nge7 8.
O-O Ng6 9. Qe2 d6 10. Rd1 Qc7 11. Be3 Be7 12. Rac1 O-O 13. Nd4 Bd7 14. Ba2 Rac8
15. Nxc6 Bxc6 16. Nd5 Qd8 17. Bb6 Qd7 18. Nxe7+ Nxe7 19. a5 Bb5 20. Qd2 Rxc1
21. Rxc1 Rc8 22. Rd1 h6 23. h3 Rc6 24. f4 Nc8 25. Bd4 Qc7 26. Bc3 Bc4 27. Bb1
Ne7 28. Qd4 e5 29. fxe5 dxe5 30. Qd8+ Qxd8 31. Rxd8+ Kh7 32. Bxe5 Re6 33. Bc3
Bb5 34. e5+ Ng6 35. Kf2 h5 36. Bf5 Rc6 37. Rd6 Kg8 38. Rd8+ Kh7 39. Rb8 Rc7 40.
Be4 Bc6 41. Bxc6 Rxc6 42. Rxb7 Re6 43. Rb6 Nf4 44. Rxe6 Nxe6 45. Ke3 Kg6 46.
Ke4 f5+ 47. exf6 gxf6 48. b4 f5+ 49. Ke5 Nc7 50. Bd2 Nb5 51. Kd5 Kf6 52. Kc5
Ke6 53. Kb6 Kd6 54. Kxa6 Kc6 55. Bg5 Nc3 56. Ka7 Kb5 57. Bd2 1-0